Central Library OPAC University of Rajshahi

The development of capitalistic enterprise in India / (Record no. 2144)

MARC details
000 -LEADER
fixed length control field 00910cam a22002891 4500
001 - CONTROL NUMBER
control field 2144
003 - CONTROL NUMBER IDENTIFIER
rucl marc code BD-RjUL
005 - DATE AND TIME OF LATEST TRANSACTION
control field 20211208233506.0
008 - FIXED-LENGTH DATA ELEMENTS--GENERAL INFORMATION
fixed length control field 131210r19661934nyu b 000 0 eng
035 ## - SYSTEM CONTROL NUMBER
System control number (BD-RjUL)2171
System control number (OCoLC)350080
040 ## - CATALOGING SOURCE
Original cataloging agency DLC
Transcribing agency OClU
Modifying agency OCoLC
-- DLC
-- BD-RjUL
Language of cataloging eng
041 ## - LANGUAGE CODE
Language code of text/sound track or separate title eng
082 04 - DEWEY DECIMAL CLASSIFICATION NUMBER
Edition number 19
Classification number 330.954
Author mark and year BUD 1966
100 1# - MAIN ENTRY--PERSONAL NAME
Personal name Buchanan, Daniel Houston.
9 (RLIN) 7031
245 14 - TITLE STATEMENT
Title The development of capitalistic enterprise in India /
Statement of responsibility, etc. Daniel Houston Buchanan.
260 ## - PUBLICATION, DISTRIBUTION, ETC. (IMPRINT)
Place of publication, distribution, etc. New York :
Name of publisher, distributor, etc. Frank Cass,
Date of publication, distribution, etc. 1934 [Impression1966].
300 ## - PHYSICAL DESCRIPTION
Pagination ix, 497 p ;
Size 24 cm.
500 ## - GENERAL NOTE
General note First published in 1934.
504 ## - BIBLIOGRAPHY, ETC. NOTE
Bibliography, etc Bibliographical footnotes.
650 #0 - SUBJECT ADDED ENTRY--TOPICAL TERM
Topical term or geographic name as entry element Industries
Geographic subdivision India
9 (RLIN) 6641
651 #0 - SUBJECT ADDED ENTRY--GEOGRAPHIC NAME
Geographic name India
General subdivision Economic conditions
Chronological subdivision 1918-1945
9 (RLIN) 7033
942 ## - ADDED ENTRY ELEMENTS (KOHA)
Source of classification or shelving scheme Dewey Decimal Classification
Koha item type Books
Holdings
Lost status Source of classification or shelving scheme Damaged status Not for loan Collection code Permanent Location Current Location Shelving location Date acquired Source of acquisition Cost, normal purchase price Total Checkouts Full call number Date last seen Copy number Koha item type Date checked out
  Dewey Decimal Classification   Not For Loan Non-fiction Central Library, University of Rajshahi Central Library, University of Rajshahi Reading Room 06/07/1968 Sweels & Zeitlinger 75.00   330.954 BUD 1966 10/12/2013 C-1 Books  
  Dewey Decimal Classification     Non-fiction Central Library, University of Rajshahi Central Library, University of Rajshahi   03/12/1968 Zeitlinger 75.00   330.954 BUD 1966 17/12/2013 C-2 Books  
  Dewey Decimal Classification     Non-fiction Central Library, University of Rajshahi Central Library, University of Rajshahi   30/12/2015     1 330.954 BUD 1966 17/02/2016 C-3 Books 31/12/2015